=LDR 00000nam 2200000 4500 =001 INLIS000000000059817 =005 20211207074832 =035 ##$$a 0010-1221000044 =007 ta =008 211207###########################0#ind## =020 ##$$a 979-423-015-9 =082 ##$$a 899.221 4 =084 ##$$a 899.221 4 Sir r =245 1#$$a Rasa Keadilan /$c Siregar Bismar, SH =300 ##$$a 518 halaman ; $c 21 cm =650 #4$$a Essai Indonesia =264 ##$$a Surabaya :$b Bina Ilmu,$c 1996 =336 ##$$a teks$2 rdacontent =337 ##$$a lain-lain$2 rdamedia =338 ##$$a lain-lain$2 rdacarrier =990 ##$$a 34053405